000 00508nam a2200169Ia 4500
999 _c20775
_d20775
003 OSt
005 20200630095827.0
008 190216s9999||||xx |||||||||||||| ||und||
020 _a9780195647952
040 _coclc
082 _a930.10954
_bCHA/T
100 _aChakravarti, Ranabir
_92724
245 0 _aTrade In Early India /
_cRanabir Chakravarti
260 _bOxford University Press,
_c2001.
_aNew Delhi:
300 _a482p
942 _cBK
_2ddc
_h930.10954
_iCHA/T
_k930.10954
_mCHA/T